Guess the Harry Styles song (no hints) - Statistics

General Stats
  • This quiz has been taken 42 times
  • The average score is 70 of 148
Answer Stats
Answer % Correct
A
100%
a
100%
I
100%
you
94%
the
84%
We
84%
we
84%
and
81%
in
78%
love
75%
just
66%
Just
66%
don't
63%
for
63%
her
63%
it's
59%
"Should
59%
Should
59%
two
59%
always
56%
keep
56%
will
56%
with
56%
all
53%
driving?"
53%
driving?
53%
how
47%
would
44%
good
41%
Life
41%
off
41%
sea
41%
view
41%
Choke
38%
Hey,
38%
ask,
34%
ask
34%
coffee
34%
going
34%
Pancakes
34%
sounds
34%
act
31%
darkness
31%
edibles
31%
egg
31%
engine
31%
Kiss
31%
Monday,
31%
normal
31%
side
31%
small
31%
Small
31%
America,
28%
bathroom
28%
boob
28%
Brown
28%
clouds
28%
Cocaine,
28%
concern
28%
hacks
28%
Hash
28%
held
28%
Maple
28%
roof
28%
science
28%
syrup
28%
viral
28%
yolk
28%
bad
25%
Black
25%
camera
25%
film
25%
pot
25%
Toothache,
25%
white
25%
Yellow
25%
footwells
22%
Hot
22%
jump
22%
Moka
22%
move
22%
Riot
22%
sunglasses
22%
withheld
22%
cyborgs
19%
Ooh
19%
ooh
19%
pass,
19%
puff
19%
tea
19%
tells
19%
wax
19%
glass,
16%
Passports
16%
pool
16%
swimming
16%
Wine
16%
Ashtray
13%
No matching quizzes found
Score Distribution
Percent of People with Each Score
Percentile by Number Answered
Your Score History
You have not taken this quiz